Govt. of
Madhya Pradesh

The complete Works of Sri Aurobindo (Record no. 42131)

MARC details
000 -LEADER
fixed length control field 003700000a22001330004500
003 - CONTROL NUMBER IDENTIFIER
control field MACL
040 ## - CATALOGING SOURCE
Original cataloging agency MACL
090 ## - LOCALLY ASSIGNED LC-TYPE CALL NUMBER (OCLC); LOCAL CALL NUMBER (RLIN)
-- 42581
-- 42579
100 ## - MAIN ENTRY--PERSONAL NAME
Personal name Sri Aurobindo Ashram Publication Dep
245 ## - TITLE STATEMENT
Title The complete Works of Sri Aurobindo
Remainder of title Vol 19 Essays on The Gita
260 ## - PUBLICATION, DISTRIBUTION, ETC. (IMPRINT)
Name of publisher, distributor, etc. Sri Aurobindo Ashram Publication Dep
Date of publication, distribution, etc. 1997
650 ## - SUBJECT ADDED ENTRY--TOPICAL TERM
Topical term or geographic name as entry element Philosophy
942 ## - ADDED ENTRY ELEMENTS (KOHA)
Koha item type Library Membar
Call number prefix 100/AUR
Holdings
Withdrawn status Lost status Source of classification or shelving scheme Damaged status Not for loan Home library Current library Date acquired Total Checkouts Full call number Barcode Date last seen Uniform Resource Identifier Price effective from Koha item type
          MACL MACL 28/06/2015   100/AUR CRE012334 02/05/2024 42401 15/04/2015 Books